शहीद भगतसिंह / (Record no. 51913)

MARC details
000 -LEADER
fixed length control field 00996nam a22002537a 4500
005 - DATE AND TIME OF LATEST TRANSACTION
control field 20091111111733.0
008 - FIXED-LENGTH DATA ELEMENTS--GENERAL INFORMATION
fixed length control field 091111t xxu||||| |||| 00| j hin d
010 ## - LCCN (DPL NO)
LC control number HIN-92494
020 ## - INTERNATIONAL STANDARD BOOK NUMBER
Terms of availability 300.00
International Standard Book Number 9788187988410
035 ## - SYSTEM CONTROL NUMBER
System control number HN-64840
037 ## - SOURCE OF ACQUISITION
Source of stock number/acquisition DBAD / PUB
040 ## - CATALOGING SOURCE
Original cataloging agency DPL
Language of cataloging HN
082 ## - DEWEY DECIMAL CLASSIFICATION NUMBER
Classification number 921
100 ## - MAIN ENTRY--PERSONAL NAME
Personal name कालभोर, गोपीनाथ
9 (RLIN) 27478
245 ## - TITLE STATEMENT
Title शहीद भगतसिंह /
Statement of responsibility, etc गोपीनाथ कालभोर
246 ## - VARYING FORM OF TITLE
Title proper/short title Shahid Bhagat
Remainder of title by Gopinath Kalbhor
260 ## - PUBLICATION, DISTRIBUTION, ETC. (IMPRINT)
Place of publication, distribution, etc जयपुर
Name of publisher, distributor, etc ज्योति प्रकाशन
Date of publication, distribution, etc 2010
270 ## - ADDRESS
Address 187, बरकत नगर, टोंक फाटक
City जयपुर
Postal code 302015
300 ## - PHYSICAL DESCRIPTION
Extent 184पृ
Dimensions 22सेमी (सजिल्द)
650 ## - SUBJECT ADDED ENTRY--TOPICAL TERM
9 (RLIN) 1169
650 ## - SUBJECT ADDED ENTRY--TOPICAL TERM
9 (RLIN) 1170
942 ## - ADDED ENTRY ELEMENTS (KOHA)
Source of classification or shelving scheme Dewey Decimal Classification
Item type Hindi Books
Classification part 921
Call number suffix कालभो
Holdings
Withdrawn status Lost status Source of classification or shelving scheme Damaged status Not for loan Collection code Home library Current library Date acquired Source of acquisition Cost, normal purchase price Total Checkouts Full call number Barcode Date last seen Copy number Cost, replacement price Koha item type
    Dewey Decimal Classification   Not For Loan Non-fiction D.B.Act.Division D.B.Act.Division 26/04/2011 DBAD /PUB 300.00   921 कालभो HN-64840 26/04/2011 1 300.00 Hindi Books

© Delhi Public Library
Hit Counter
free hit counter